Les personnalités préférés des français 2023 par images - Statistiques

Statistiques générales
  • Ce quiz a été pris 3 553 fois
  • Le résultat moyen est 26 sur 30
Statistiques - réponses
Par images Réponse % Correct
Kylian Mbappé
98%
Omar Sy
98%
Antoine Griezmann
96%
Vianney
96%
Julien Doré
95%
Philippe Etchebest
95%
Zinedine Zidane
95%
Soprano
94%
Thomas Pesquet
94%
Jean Dujardin
93%
Renaud
93%
Teddy Riner
93%
Jordan Bardella
91%
Dany Boon
89%
Cyril Lignac
86%
Grand Corps Malade
86%
Kad Merad
86%
Stéphane Bern
85%
Stéphane Plaza
85%
Alexandra Lamy
84%
Florent Pagny
84%
Alain Chabat
82%
Karine Le Marchand
81%
Jean-Jacques Goldman
79%
Jean Reno
78%
Virginie Efira
74%
Sophie Marceau
67%
Michel Sardou
65%
Alain Souchon
57%
Francis Cabrel
55%
Aucun quiz correspondant
Distribution des résultats
% des personnes avec chaque résultat
Percentile par nombre de réponses
Votre historique - résultats
Vous n’avez pas pris ce quiz